000 00689nam a2200217Ia 4500
003 GCL
008 140319s9999 xx 000 0 ara d
040 _aGCL /
_cGCL
082 0 4 _a377.1
_bس ا
100 1 _aسعيد اسماعيل على
245 1 0 _aاصول التربية الاسلامية /
_cسعيد اسماعيل على
300 _a410 ص
490 _a
650 0 4 _aالفلسفة الاسلامية
650 0 4 _aالاسلام
650 0 4 _aالثقافة الاسلامية
650 0 4 _aالتعليم الدينى الاسلامى
650 0 4 _aالتربية الاسلامية
650 0 4 _aالتربية الاسلامية - اصول
942 _2ddc
_cBK
999 _c39180
_d39180